Degrassi Season 10+Boiling Point Quiz Stats

 Plays Quiz not verified by Sporcle

Support Sporcle.
Go Orange.
Score 0/20 Timer 12:00
0 Plays Today
% Correct
Clare
91.4%
Eli
90%
Drew
87.7%
Alli
86.6%
Alli
86.6%
Adam
82.5%
Holly J
74.7%
Jenna
74%
Jenna
74%
Anya
68.8%
% Correct
Fiona
67.3%
Dave
55.4%
Connor
53.2%
Riley
51.3%
Zane
46.5%
Wesley
45%
Fitz
40.1%
Chantay
32%
Drew and Alli
8.6%
Fitz and Owen
5.9%

You're not logged in!

Compare scores with friends on all Sporcle quizzes.
OR
Log In

From the Vault

Mega-Sorting Gallery: Religion

by Chenchilla

Sorting them all into "religion" is cheating. You know it, we know it.
Remove Ads.
Support Sporcle.
Get the best of Sporcle when you Go Orange. This ad-free experience offers more features, more stats, and more fun while also helping to support Sporcle. Thank you for becoming a member.

Show Comments

Extras

Created Feb 6, 2011ReportNominate
Tags:degrassi

Top Quizzes Today


Score Distribution

Your Account Isn't Verified!

In order to create a playlist on Sporcle, you need to verify the email address you used during registration. Go to your Sporcle Settings to finish the process.

Report this User

Report this user for behavior that violates our Community Guidelines.

Details: